000 00346nam a2200121Ia 4500
008 160319s9999 xx 000 0 und d
245 _aSSIS First Holy Communion AY 2010-2011/
245 _cStonyhurst Southville International School Batangas.
260 _c2010
300 _a1 videodisc :
300 _bsound, color. ;
300 _c4 3/4 in.
999 _c292593
_d292593